|
|
|
|
| LEADER |
00000nam a2200000 a 4500 |
| 001 |
vtls001418237 |
| 003 |
SK-MaSNL |
| 005 |
20260301012718.0 |
| 008 |
251113s1982 xo r slo |
| 020 |
|
|
|c b.c.
|
| 035 |
|
|
|a SNK000373037
|
| 035 |
|
|
|a urn:nbn:sk:snk-aml3h4
|
| 035 |
|
|
|a urn:nbn:sk:snk-am008igq
|
| 035 |
|
|
|a 99CE5EE6-2D41-4CDC-AFB5-33C819B3F4C6
|
| 040 |
|
|
|a SNK
|b slo
|c SNK
|e AACR2
|
| 041 |
0 |
|
|a slo
|
| 044 |
|
|
|a xo
|c SK
|
| 080 |
|
|
|a 17:61
|2 1981
|
| 080 |
|
|
|a 159.9:61
|2 1981
|
| 080 |
|
|
|a 61
|2 1981
|
| 100 |
1 |
|
|a Caregorodcev, Gennadij Ivanovič,
|d 1931-
|4 aut
|9 178615
|
| 245 |
1 |
0 |
|a Etické a psychologické problémy medicíny
|c Gennadij Ivanovič Caregorodcev a kolektív ; [z ruského originálu preložili Emília Illeková a Zdena Hlávková]
|
| 260 |
|
|
|a Martin
|b Osveta
|c 1982
|
| 300 |
|
|
|a 258 s.
|c 25 cm
|
| 490 |
1 |
|
|a Zdravotníctvo a vedecký svetonázor
|v zv. 9
|
| 500 |
|
|
|a Údaj o prekl. prevzatý z rubu tit. strany
|
| 650 |
0 |
7 |
|a medicína
|x problémy etické
|x problémy psychologické
|x príručky
|2 SNK
|9 298194
|
| 700 |
1 |
|
|a Illeková, Emília
|4 trl
|9 5808
|
| 700 |
1 |
|
|a Hlávková, Zdena,
|d 1933-
|4 trl
|9 37395
|
| 830 |
|
0 |
|a Zdravotníctvo a vedecký svetonázor
|9 298195
|
| 852 |
|
|
|a Slovenská národná knižnica
|
| 958 |
|
|
|a OND
|
| 999 |
|
|
|c 554209
|d 556139
|
| 952 |
|
|
|t P60, <03>, [BOOK], {603}
|a SNK
|b SNK
|y PREZ
|7 0
|p 17A0310284
|o snkSC 105710
|i snkD 1162/2001
|0 0
|1 0
|4 0
|d 2001-08-06
|f 1
|l 0
|r 2025-09-26 00:00:00
|w 2026-02-23
|
| 952 |
|
|
|a SNK
|b SNK
|y VYP
|7 0
|p 17A0570373
|o snkSC 105710 D1
|i snk2008/9840
|8 1
|0 0
|1 0
|4 0
|d 2008-05-07
|l 0
|r 2026-02-23 13:20:19
|w 2026-02-23
|